000 00918nam a22003017a 4500
003 CHAP
005 20220329134305.0
008 971013s1977 r 00010 d
010 _a18198
011 _a19170
035 _a23255
040 _cCHAP
082 _a382
_bB5
100 0 0 _aBlejer, Mario I.
_913160
245 _aDinero, precios y balanzas de pagos
_b: la experiencia de México, 1950-1973
260 _aMéxico, D. F. :
_bCEMLA,
_c1977
300 _a107 p.
_b; gráfs.
590 _aBATCH-UPD
_b10
_c20130110
_lUCH01
_h1401
590 _aBATCH-UPD
_b10
_c20130410
_lUCH01
_h0852
590 _aBATCH-UPD
_b10
_c20130914
_lUCH01
_h0527
590 _aCONVERSION
_b10
_c20130109
_lUCH01
_h1311
650 1 4 _aBalanza de pagos
_zMéxico.
_99613
650 1 4 _aDinero.
_932616
650 1 4 _aPrecios.
_991344
901 _aBK
942 _cLIBRO
949 _a382 B5
_bBC
_cLIBRO
_d33724000440004
_eLIBRO
_h68982
_i23255
_si
999 _c18198
_d18198